|
|
|
|
| LEADER |
00000nam a2200000Ii 4500 |
| 001 |
DIGTRO0081 |
| 003 |
NyNyDIG |
| 007 |
cr ||||||||||| |
| 008 |
220211s2018 sp ob 001 0 spa d |
| 006 |
m o d |
| 035 |
|
|
|a (OCoLC)1319852819
|
| 040 |
|
|
|a DGITA
|b eng
|e rda
|e pn
|c DGITA
|
| 020 |
|
|
|a 9788498797527
|q eBook
|q pdf
|
| 020 |
|
|
|z 9788498799248
|
| 050 |
1 |
4 |
|a B785.V11384 ebook
|
| 082 |
1 |
4 |
|a 196
|
| 245 |
0 |
3 |
|a La razón y la vida :
|b escritos en homenaje a Javier San Martín /
|c edición de Jesús Miguel Díaz Álvarez y José Lasaga Medina.
|
| 264 |
|
1 |
|a Madrid :
|b Editorial Trotta,
|c [2018]
|
| 300 |
|
|
|a 1 online resource.
|
| 336 |
|
|
|a text
|b txt
|2 rdacontent
|
| 337 |
|
|
|a computer
|b c
|2 rdamedia
|
| 338 |
|
|
|a online resource
|b cr
|2 rdacarrier
|
| 347 |
|
|
|a text file
|2 rdaft
|
| 347 |
|
|
|b PDF
|
| 490 |
1 |
|
|a Colección Estructuras y procesos.
|a Serie Filosofía
|
| 504 |
|
|
|a Includes bibliographical references and index.
|
| 588 |
0 |
|
|a Online resource; title from PDF title page (Digitalia, viewed February 13, 2022)
|
| 600 |
1 |
0 |
|a San Martín, Javier,
|d 1946-
|v Biography.
|
| 650 |
|
0 |
|a Philosophy.
|
| 650 |
|
0 |
|a Philosophical anthropology.
|
| 650 |
|
0 |
|a Phenomenology.
|
| 655 |
|
0 |
|a Electronic books.
|
| 700 |
1 |
|
|a Díaz Álvarez, Jesús M.,
|e editor.
|
| 700 |
1 |
|
|a Lasaga Medina, José,
|e editor.
|
| 791 |
2 |
|
|a Digitalia (Firm),
|e distributor.
|
| 793 |
0 |
|
|g Digitalia eBook Collection:
|a Trotta Editorial
|
| 776 |
0 |
8 |
|i Print version:
|t Razón y la vida .
|d Madrid : Editorial Trotta, [2018]
|z 9788498799248
|
| 830 |
|
0 |
|a Colección Estructuras y procesos.
|p Serie Filosofía.
|
| 856 |
4 |
0 |
|3 Digitalia Hispánica
|u https://www.digitaliapublishing.com/a/67391/
|
| 910 |
|
|
|a Premium collection: 2022
|